000 00494nam a22001697a 4500
001 10078
003 FISKH
005 20260403115149.0
008 260403b cb ||||| |||| 00| 0 eng d
040 _aFISKH
_bchi
_cFISKH
_dFISKH
082 _a800
100 _a亚历克斯·固索
245 _a小龙查理出走了 (Little Dragon Charles Leaves Home) /
_c亚历克斯·固索
300 _a45 unnumbered pages :
_bcolor illustrations ;
_c38 cm .
942 _2ddc
_cBOOK
_n0
999 _c10078
_d10078